00460 2200193 4500001002100000005001500021008004100036020001800077035001900095041000700114082001100121090001100132100001500143245002200158250000600180260003300186300002100219650002600240INLIS00000000001255020241224114403241224||||||||| | ||| |||| || |  a979-666-249-3 0010-1224012550 aid0 a596HEW a596HEW0 aHasan amin00aHewan dan anaknya a3 aJakartabbalai pustakac1998 a31hlm,:ilus,20cm 0aIlmu Pengetahuan Alam